000 00590nam a2200229Ia 4500
003 OSt
005 20220924153816.0
006 a|||||r|||| 00| 0
007 ta
008 220923b |||||||| |||| 00| 0 mal d
024 _a351663
037 _cTextual
040 _aARTS
_cARTS
_bmal
041 _2mal
_amal
082 _aO32,2NTH,18, J5
100 _aTheekkodiyan Au.
_9229791
245 0 _aPnnya theerdham
260 _c1955
650 _aMALAYALAM LITERATURE
_938866
942 _hO32,2NTH,18, J5
_cTEXL
_2CC
999 _c474820
_d474820